Súkromné školské zariadenia sú nielen o výuke predmetov

Úloha súkromných školských zariadení. Výhody a nevýhody.

Gespeichert in:
Bibliographische Detailangaben
1. Verfasser: Augustínová, Patrícia
Format: Buchkapitel
Sprache:Slowakisch
Schlagworte:
Tags: Tag hinzufügen
Keine Tags, Fügen Sie das erste Tag hinzu!

MARC

LEADER 00000naa a2200000 4500
001 0129505
005 20231006124318.2
041 0 |a slo 
044 |a SK 
245 1 0 |a Súkromné školské zariadenia sú nielen o výuke predmetov  |c Patrícia Augustínová 
520 |a Úloha súkromných školských zariadení. Výhody a nevýhody. 
610 2 0 |a školy súkromné 
610 2 0 |a vzdelávanie 
610 2 0 |a vyučovanie 
100 1 |a Augustínová, Patrícia